Datum a čas kvízu
29
Celkem bodů
Celkový počet nahraných bodů na tomto kvízu bez doplňovacích otázek.
6.
Pořadí na kvízu
Konečné umístění týmu na tomto kvízu.
Zaznamenané odpovědi
| # | Otázka | Odpověď | Body | Výsledky |
|---|---|---|---|---|
| 1. | Minulý týden vydalo české vývo... | Kingdom Come (Deliverance II) | 1 | |
| 2. | Český řidič kamionu v pondělí... | B) do běžkařské stopy | 0 | |
| 3. | Jeden americký umělec obdržel... | Kendrick Lamar | 1 | |
| 4. | Vláda jednoho jihoevropského s... | o Chorvatsku | 1 | |
| 5. | Tento osmnáctiletý český rychl... | Metoděj Jílek | 0 | |
| 6. | Kterým slovem na písmeno K se... | kapsid(a) | 0 | |
| 7. | V roce 2016 vyhlásila WHO glob... | zika | 1 | |
| 8. | Přiřaďte viry k onemocněním, k... | 1A 2D 3B 4C | 1 | |
| 9. | Viry mají svou genetickou info... | U (uracil) | 0 | |
| 10. | Pandemie smrtících virů jsou v... | May | 1 |